[Event "Bilbao Masters 9th"]
[Site "Bilbao"]
[Date "2016.07.15"]
[Round "3"]
[White "Carlsen, Magnus"]
[Black "Karjakin, Sergey"]
[Result "1-0"]
[WhiteElo "2855"]
[BlackElo "2773"]
[Annotator "Roiz,M"]
[PlyCount "79"]
[EventDate "2016.07.13"]
[EventType "tourn"]
[EventRounds "10"]
[EventCountry "ESP"]
[EventCategory "22"]
[SourceTitle "CBM 174"]
[Source "ChessBase"]
[SourceDate "2016.09.13"]
[SourceVersion "1"]
[SourceVersionDate "2016.09.13"]
[SourceQuality "1"]

1. e4 c5 2. Nf3 d6 3. c3 Nf6 4. Be2 {This side system isn't as harmless as it
looks - White is aiming for building up a strong pawns centre.} g6 5. O-O Bg7
6. Bb5+ Nc6 {Sergey chooses a relatively rare theoretical continuation.} (6...
Bd7 {is much more popular. There are some practical tests:} 7. Bxd7+ Qxd7 (7...
Nbxd7 8. Re1 O-O 9. d4 cxd4 10. cxd4 d5 11. e5 Ne4 12. Nbd2 Nxd2 13. Bxd2 Qb6
14. Re3 Rac8 15. h4 $14 {Sagalchik,G (2525)-Serper,G (2535) New York 1996}) 8.
Re1 O-O 9. d4 Na6 10. d5 c4 11. Nbd2 Nc5 $132 {Adams,M (2685)-Anand,V (2735)
Dortmund 1996}) 7. d4 Qb6 (7... O-O 8. d5 Nb8 9. Re1 Bg4 10. Nbd2 Nbd7 11. h3
Bxf3 12. Nxf3 a6 13. Bf1 b5 14. Bf4 $14 {Chadaev,N (2580)-Gelfand,B (2738)
Astana 2012}) (7... Bd7 8. d5 Ne5 9. Bxd7+ Nfxd7 10. Nxe5 Nxe5 11. a4 O-O 12.
Bf4 Qb6 13. Qe2 c4 14. Bxe5 Bxe5 15. a5 Qb3 16. Na3 $14 {Lombardy,W - Hort,V
Zagreb 1969}) 8. Ba4 ({The drawback of protecting the bishop by means of} 8.
Na3 {was admitted by} cxd4 9. cxd4 d5 $1 $11 {in Rasik,V (2516)-Zhigalko,A 
(2601) Czechia 2013}) 8... cxd4 9. cxd4 O-O 10. d5 {This position was seen
only in 1 preceding game!} Nb8 $146 {This move looks somewhat artificial, but
the knight is heading to c5 or e5.} ({The previously played} 10... Na5 11. Nc3
({White hardly can pretend on having advantage also after} 11. Re1 Bg4 12. Nbd2
Rfc8 13. h3 Bd7 14. Bc2 e6 $132) 11... Bg4 12. h3 Bxf3 13. Qxf3 Rac8 14. Qe2
Nc4 {was fine for Black in Palit,S (2421)-Gopal,G (2558) Kolkata 2014}) 11. Nc3
({Delaying the development of Nb1 would hardly bother Black:} 11. Re1 Bg4 12.
Nbd2 Qc7 13. h3 Bd7 14. Bc2 Rc8 15. Bb1 a5 $132) 11... Bg4 12. h3 Bxf3 13. Qxf3
Nbd7 14. Rb1 ({The more aggressive} 14. Be3 Qxb2 15. Rfc1 {only leads to
simplifications:} Qa3 16. Rab1 Nc5 17. Bxc5 Qxc5 18. Rxb7 Nxe4 $1 19. Qxe4 Bxc3
20. Qf3 Qa3 $11) 14... Rfc8 {Black has completed a harmonious setup. The
position is closed yet, so White's bishops do not guarantee White any
advantage.} 15. Bc2 Ne5 (15... a6 $5 16. Qe2 Qa5 17. Bd2 Ne5 $132) 16. Qe2 Nfd7
17. Bg5 {The Pe7 isn't really hanging, but the presense of White's bishop on
g5 is somewhat annoying.} h6 ({Deserves some attention also} 17... Bf6 $5 18.
Bxf6 Nxf6 19. Kh2 Nc4 20. Bd3 Qd4 $11 {The activity of Black's pieces doesn't
allow to develop a serious attack on the kingside.}) 18. Bh4 g5 {A
double-edged decision. Black manages to secure the Ne5, but this advance
exposes the light squares around the king.} 19. Bg3 Qa6 ({Another interesting
way of handling the position was} 19... Ng6 $5 20. Rfc1 Be5 21. Bxe5 Ndxe5 22.
g3 Rc4 $132) 20. Qd1 Rc4 $2 {The first cause of Sergey's troubles!} ({There
was no reason from deviating from the most aggressive} 20... Nc4 21. Bd3 Qb6 (
21... Nc5 22. Be2 Bxc3 23. bxc3 Qxa2 24. Ra1 Qb3 25. Qd4 {looks risky for a
human eye}) 22. Qe2 Nde5 $132) 21. Kh1 {This is the point! Most of Black's
pieces are on the queenside, so White manages to develop a powerful attack now.
} Rac8 22. f4 gxf4 23. Bxf4 Qb6 {The queen is coming into defence, but it
takes a long time...} 24. Qh5 Nf6 ({The pawn sac wouldn't bring Sergey any
relief:} 24... Qd8 25. Bxh6 Nf6 26. Qh4 Ng6 27. Qg5 Qf8 28. Bxg7 Qxg7 29. Rf5
$16) 25. Qf5 Qd8 (25... Ng6 26. Bd2 Qd8 27. Bb3 R4c7 28. Be3 $16) 26. Bb3 Rd4
27. Bxe5 dxe5 {As it often happens, the presense of bishops of different
colours favours the attacking side!} 28. Rbd1 ({Worth attention is also} 28.
Rbc1 $5 Qd7 29. Qxd7 Nxd7 30. Ne2 Rxc1 31. Rxc1 Rd2 (31... Rxe4 32. Ng3 Rf4 33.
Rc7 $36) 32. Rc8+ Bf8 33. Ng3 $36 {Even though liquadating into the endgame is
Black's undisputable achievement, the position is still very unpleasant.})
28... Qd7 29. Qf3 Rb4 ({Perhaps, it was better to swap the rooks, though after
} 29... Rxd1 30. Qxd1 b5 31. Qd3 a6 32. Ne2 $36 {it wouldn't easy to find a
constructive defenseve plan.}) 30. Rd2 $1 {The rook would be very useful along
2nd rank.} Rf8 31. g4 $1 {As usual, World Champion's play is very energetic
and impressive.} a5 $2 {Black cannot afford wasting a tempo for
counter-attacking measures.} ({The only way to provide resistance was} 31...
Nh7 32. h4 Rb6 33. Rg1 Rf6 34. Qg3 $16 {White still has to find a way to make
progress.}) 32. Rg2 Nh7 33. h4 {Now White's attack lasts itself.} Rb6 34. g5
Kh8 ({In case of} 34... Rg6 35. Rfg1 Kh8 36. Ba4 Qc8 37. Rh2 $18 {Black would
be almost paralysed.}) 35. Rfg1 f5 {A desperate attempt to complicate the
matters.} 36. Qh3 Rb4 37. gxh6 Bxh6 {The king is too exposed, so White has
many winning ways now.} 38. Qg3 (38. Rg6 Bf4 39. Qg2 $18 (39. d6 $18)) 38...
Nf6 39. Qg6 Ng4 40. Rxg4 1-0

[Event "ISR-chT"]
[Site "Israel"]
[Date "2016.03.18"]
[Round "7"]
[White "Iakymov, Volodymyr"]
[Black "Roiz, Michael"]
[Result "0-1"]
[WhiteElo "2469"]
[BlackElo "2593"]
[Annotator "Roiz,M"]
[PlyCount "74"]
[EventDate "2016.01.??"]
[EventType "team-tourn"]
[EventRounds "11"]
[EventCountry "ISR"]
[SourceTitle "CBM 172"]
[Source "ChessBase"]
[SourceDate "2016.05.12"]
[SourceVersion "1"]
[SourceVersionDate "2016.05.12"]
[SourceQuality "1"]

1. e4 c5 2. Nf3 {This move came as a real surprise for me - Vladimir's main
weapon is 2.c3.} d6 3. c3 Nf6 4. Bd3 Nc6 5. Bc2 (5. h3 {, avoiding the
unpleasant pin on the Nf3 is a serious alternative. In this case Black has to
choose between different ways of handdling the position.}) 5... Bg4 6. h3 Bh5 (
{I didn't like} 6... Bxf3 7. Qxf3 g6 8. d3 Bg7 9. O-O O-O 10. Be3 {- in my
opinion, White's position is quite safe here.}) 7. d3 ({The more aggressive} 7.
d4 cxd4 8. cxd4 {can be met with} d5 $1 9. e5 Bxf3 10. gxf3 Nd7 {with
excellent play for Black.}) 7... e6 8. Be3 {This move is dubious - the bishop
is placed somewhat awkwardly here.} (8. Nbd2 {is the most popular by far.
Black doesn't face any serious problems, but the character of play is quite
complex, so this setup has been tried by many top players.}) 8... Be7 9. Nbd2
d5 {I didn't want to remove my king from the centre so early.} ({After} 9...
O-O 10. g4 Bg6 11. Nh4 d5 12. Ndf3 d4 13. Nxg6 hxg6 14. Bf4 $132 {The position
would be very double-edged.}) 10. Ba4 $6 $146 {A first step in the wrong
direction - there is no reason for giving up the bishop. This move is a
novelty in this rare theoretical position.} ({A better move was:} 10. O-O Qc7
11. Qe2 Rd8 12. Bg5 h6 13. Bh4 O-O {with a long strategic battle.}) 10... Qc7 {
Keeping an eye on the key e5-spot.} (10... O-O $5 {also deserved serious
attention:} 11. Bxc6 bxc6 12. g4 Bg6 13. Ne5 Qc7 14. Nxg6 fxg6 $15) 11. Bxc6+ {
What else? Otherwise there was no point in White's previous move.} bxc6 {
This move is not a concession - it would be very difficult to prove that
Black's doubled pawns are weak.} ({I also considered:} 11... Qxc6 12. Ne5 Qa6 {
, but after} 13. g4 Bg6 14. Qe2 dxe4 15. d4 {White gets some compensation for
a pawn.}) 12. Qa4 {A loss of time - the queen is definitely misplaced now.} ({
I would prefer:} 12. O-O Nd7 13. Rc1 O-O 14. Qc2 $15 {, though White's
position is unpleasant anyway.}) 12... Nd7 13. a3 $6 {Inviting even more
troubles.} (13. O-O O-O 14. b4 $15) 13... O-O 14. O-O a5 $1 $17 {White's main
problems is the lack of any constructive ideas now. At the same time, Black
may make progress on both sides of the board.} 15. Rab1 {This looks really
ugly, but what else?} ({Possibly, the most stubborn try was:} 15. Rfe1 Rfb8 16.
exd5 cxd5 17. Bf4 Bd6 18. Bxd6 Qxd6 19. Qc2 a4 $17) 15... f6 {I had many
good-looking alternatives, but I still prefer this move - it keeps Black's
pawn chain most flexible.} 16. exd5 $2 {White's position was already very
difficult, but this positional concession makes it hopeless.} (16. Qc2 a4 17.
d4 c4 18. Rfe1 $17) 16... cxd5 17. d4 c4 {Not the only, but the simplest
decision. I can hardly remember any other game, where I was able to achieve
such a winning position at this very early stage!} 18. Bf4 {A desperate
attempt to activate the pieces.} Nb6 {Simple tactics.} (18... Qxf4 {was also
possible:} 19. Qxd7 Qd6 $19) 19. Qb5 ({After} 19. Bxc7 Nxa4 20. Rfe1 Bg6 21.
Rbc1 Rfc8 22. Bh2 Kf7 $19 {White's position is absolutely lost.}) 19... Qxf4 ({
A simpler way was:} 19... e5 $1 20. dxe5 Be8 21. exf6 Bd6 22. Bxd6 Qxd6 $19 {
and White cannot avoid a loss of material.}) 20. Qxb6 Bf7 21. g3 ({It was
possible to put up more resistance after} 21. b4 cxb3 22. Qxb3 e5 $19 {,
though Black's position remains winning from the strategic point of view.})
21... Qb8 22. Qxb8 Rfxb8 {The resulting vesrsion of the endgame is even better
for Black than before.} 23. b4 cxb3 24. Rxb3 Rxb3 25. Nxb3 Bxa3 (25... Rc8 26.
Rc1 a4 $19) 26. Ra1 Bb2 27. Rxa5 Rxa5 28. Nxa5 Bxc3 {The rest was quite easy.
Black has different ways of converting the extra pawn into a full point.} 29.
Nb3 Bg6 (29... e5 {was good enough, but I wanted to grab the weak Pd4.}) 30.
Nc5 Kf7 31. Nb3 Bc2 32. Nbd2 h5 33. Kf1 Bd3+ 34. Ke1 Bf5 35. h4 Bg4 {White's
knight creates a poor impression.} 36. Kf1 Kg6 37. Kg2 Bxf3+ ({White resigns
in view of:} 37... Bxf3+ 38. Nxf3 Kf5 {and the pawn falls.}) 0-1

[Event "Redbus KO"]
[Site "Southend"]
[Date "2000.??.??"]
[Round "3.3"]
[White "Adams, Michael"]
[Black "Rowson, Jonathan"]
[Result "1/2-1/2"]
[WhiteElo "2715"]
[BlackElo "2499"]
[Annotator "Rowson,J"]
[PlyCount "78"]
[EventDate "2000.04.21"]
[EventType "k.o."]
[EventRounds "4"]
[EventCountry "ENG"]
[SourceTitle "CBM 076"]
[Source "ChessBase"]
[SourceDate "2000.05.31"]
[SourceVersion "1"]
[SourceVersionDate "2000.05.31"]
[SourceQuality "1"]

1. e4 c5 2. Nf3 d6 3. c3 Nf6 4. Be2 Bd7 5. d3 Bc6 6. Nbd2 Nbd7 7. O-O g6 8. Re1
Bg7 9. Bf1 Ne5 10. d4 Nxf3+ 11. Qxf3 cxd4 12. cxd4 O-O 13. Qd3 a6 14. a4 b5 15.
axb5 Bxb5 16. Qf3 Rc8 17. Bxb5 axb5 18. Nf1 Qb6 19. Be3 Qb7 20. d5 Ra8 21. Bd4
Rxa1 22. Rxa1 Ra8 23. Rc1 Ra4 24. Rd1 Qc7 (24... Nxe4 25. Qxe4 e5 $5) 25. Qe2
Qc4 26. Qxc4 Rxc4 27. f3 Nd7 28. Bxg7 Kxg7 29. Ne3 Rb4 30. Rd2 Ne5 31. Kf1 h5
32. Ke2 h4 33. Rc2 Rb3 34. h3 Kf6 35. Nd1 Nc4 36. Rc3 Rxc3 {With less than two
minutes left I underestimated my position.} (36... Rb4 $1 37. Rc2 (37. b3 Na5)
37... Ke5 $17) 37. Nxc3 Nxb2 38. Nxb5 Ke5 39. Ke3 Nc4+ 1/2-1/2